Primary intraocular lymphoma (Record no. 149129)
[ view plain ]
| 000 -LEADER | |
|---|---|
| fixed length control field | 01835nam a22003614a 4500 |
| 082 04 - DEWEY DECIMAL CLASSIFICATION NUMBER | |
| Classification number | 616.99/446 |
| 100 1# - MAIN ENTRY--AUTHOR NAME | |
| Personal name | Chan, Chi-Chao. |
| 245 10 - TITLE STATEMENT | |
| Title | Primary intraocular lymphoma |
| 260 ## - PUBLICATION, DISTRIBUTION, ETC. (IMPRINT) | |
| Place of publication | Hackensack, NJ : |
| Name of publisher | World Scientific, |
| Year of publication | c2007. |
| 300 ## - PHYSICAL DESCRIPTION | |
| Number of Pages | xv, 284 p. : |
| Other physical details | ill. (chiefly col.). |
| 505 0# - FORMATTED CONTENTS NOTE | |
| Formatted contents note | Definition of primary intraocular lymphoma -- History of primary intraocular lymphoma (1950s-1970s) -- Classification of lymphomas -- Epidemiology of primary intraocular lymphoma -- Clinical manifestations of PIOL -- Imaging -- Pathology -- Immunology of PIOL -- Diagnostic approaches -- Management and treatment of PIOL -- Prognosis in PIOL -- Hypotheses on the origin of PIOL -- Experimental models of PIOL -- Summary and algorithm -- The future of PIOL -- Case illustrations. |
| 650 #0 - SUBJECT ADDED ENTRY--TOPICAL TERM | |
| Topical Term | Reticulo-endothelial system |
| Topical Term | Lymphomas. |
| 700 1# - ADDED ENTRY--PERSONAL NAME | |
| Personal name | Gonzales, John A. |
| 856 40 - ELECTRONIC LOCATION AND ACCESS | |
| Uniform Resource Identifier | http://site.ebrary.com/lib/rucke/Doc?id=10188798 |
No items available.
